| 000 | 00544nam a2200217 a 4500 | ||
|---|---|---|---|
| 999 |
_c5028 _d5028 |
||
| 001 | 5028 | ||
| 003 | BD-JhCC | ||
| 005 | 20220817134023.0 | ||
| 008 | 171207s1961 e |||| || | 001 0 eng d | ||
| 035 | _a(BD-JhCC)5028 | ||
| 040 |
_aBD-JhCC _dBD-JhCC |
||
| 041 | _aeng | ||
| 082 |
_a355.02 _bFAL 1961 |
||
| 100 | _aFalls, Cyril | ||
| 245 |
_aThe Art of War / _cCyril Falls, |
||
| 260 |
_aLondon : _boxford University Press, _c1961. |
||
| 300 |
_a231 p. : _c16 cm. |
||
| 650 | _aMilitary and Science | ||
| 942 |
_2ddc _cBK _01 |
||